[Event "World Rapid Team 2023"]
[Site "Dusseldorf GER"]
[Date "2023.08.27"]
[Round "6.3"]
[Board "1"]
[White "Dominguez Perez, Leinier"]
[Black "Caruana, Fabiano"]
[Result "1/2-1/2"]
[WhiteTitle "GM"]
[BlackTitle "GM"]
[WhiteElo "2739"]
[BlackElo "2782"]
[WhiteTeam "Chess Pensioners"]
[BlackTeam "Kompetenzakademie Allstars"]
[WhiteFideId "3503240"]
[BlackFideId "2020009"]
[EventDate "2023.08.26"]

1. e4 c5 2. Nf3 Nc6 3. d4 cxd4 4. Nxd4 Nf6 5. Nc3 e5 6. Ndb5 d6 7. Bg5 a6 8. Na3
b5 9. Nd5 Be7 10. Bxf6 Bxf6 11. c4 b4 12. Nc2 a5 13. Qf3 Be6 14. Rd1 O-O 15. Be2
Rc8 16. Nxf6+ Qxf6 17. Qxf6 gxf6 18. Rxd6 Rfd8 19. Rxd8+ Rxd8 20. b3 f5 21. Bf3
f4 22. Ke2 Kf8 23. Rd1 Rxd1 24. Kxd1 Ke7 25. h3 f6 26. Bg4 Bf7 27. Bc8 Kd6 28.
Bb7 Nb8 29. Bd5 Be8 30. Kd2 Na6 31. a3 bxa3 32. Nxa3 Kc5 33. Nc2 Nb4 34. Ne1 a4
35. bxa4 Bxa4 36. Bg8 h6 37. Nf3 Bc2 38. Bh7 Kxc4 39. Nh4 Kc5 40. f3 Bd3 41. Bg8
Bb5 42. Be6 Kd6 43. Bg4 Ke7 44. Nf5+ Kf8 45. Ke1 Nc2+ 46. Kf2 Nd4 47. Nxh6 Kg7
48. Nf5+ Nxf5 49. Bxf5 Kh6 50. g3 fxg3+ 51. Kxg3 Be8 52. h4 Bf7 53. Bg4 Be8 54.
Kf2 Kg7 55. Ke3 Ba4 56. Kd3 Bd1 57. Kd2 Ba4 58. Ke3 Bb3 59. Kf2 Ba4 60. Kg3 Be8
61. Be6 Kh6 62. Bf5 Kg7 63. Kf2 Ba4 64. Ke2 Kh6 65. Bg4 Kg7 66. Kd3 Bd1 67. Kc4
f5 68. exf5 e4 69. fxe4 Bxg4 70. Kd5 Kf6 71. Kd6 Bxf5 72. exf5 Kxf5 1/2-1/2

[Event "World Rapid Team 2023"]
[Site "Dusseldorf GER"]
[Date "2023.08.27"]
[Round "6.3"]
[Board "2"]
[White "Aronian, Levon"]
[Black "Svidler, Peter"]
[Result "1-0"]
[WhiteTitle "GM"]
[BlackTitle "GM"]
[WhiteElo "2742"]
[BlackElo "2688"]
[WhiteTeam "Kompetenzakademie Allstars"]
[BlackTeam "Chess Pensioners"]
[WhiteFideId "13300474"]
[BlackFideId "4102142"]
[EventDate "2023.08.26"]

1. e4 e5 2. Nf3 Nc6 3. Bc4 Bc5 4. d3 Nf6 5. O-O h6 6. c3 d6 7. Nbd2 O-O 8. Re1
Bb6 9. Bb3 Ne7 10. Nc4 Be6 11. d4 exd4 12. Nxb6 Bxb3 13. axb3 axb6 14. Rxa8 Qxa8
15. Nxd4 Qd8 16. c4 Re8 17. f3 c6 18. Bd2 Ng6 19. Bc3 d5 20. Nf5 dxe4 21. Nxh6+
gxh6 22. Qxd8 Rxd8 23. Bxf6 Rd6 24. Bc3 exf3 25. Re8+ Kh7 26. gxf3 Rd7 27. Kf2
Ne7 28. Ke3 Kg6 29. Ke4 c5 30. b4 cxb4 31. Bxb4 Nc6 32. Bc3 f6 33. Re6 Re7 34.
Rxe7 Nxe7 35. Bd2 h5 36. Be3 b5 37. cxb5 Kf7 38. Bc5 Ng6 39. f4 1-0

[Event "World Rapid Team 2023"]
[Site "Dusseldorf GER"]
[Date "2023.08.27"]
[Round "6.3"]
[Board "4"]
[White "Batsiashvili, Nino"]
[Black "Sadvakasov, Darmen"]
[Result "1-0"]
[WhiteTitle "GM"]
[BlackTitle "GM"]
[WhiteElo "2474"]
[BlackElo "2629"]
[WhiteTeam "Kompetenzakademie Allstars"]
[BlackTeam "Chess Pensioners"]
[WhiteFideId "13602993"]
[BlackFideId "13700464"]
[EventDate "2023.08.26"]

1. d4 Nf6 2. c4 e6 3. Nc3 Bb4 4. Nf3 b6 5. e3 Bb7 6. Bd3 O-O 7. O-O d5 8. cxd5
exd5 9. Ne5 Bd6 10. f4 c5 11. g4 Ne4 12. Qf3 Nxc3 13. bxc3 Nd7 14. g5 f5 15. h4
Qe7 16. Bd2 Rab8 17. a4 c4 18. Bc2 a6 19. Rfb1 Ba8 20. Qh3 Qe6 21. Bc1 Nxe5 22.
fxe5 Be7 23. Ba3 Bxa3 24. Rxa3 Bc6 25. Rf1 Bd7 26. Rf4 Rb7 27. Ra1 g6 28. Bd1
Qe7 29. Qg2 Be6 30. Bf3 Qd7 31. h5 Kf7 32. hxg6+ hxg6 33. Rh4 Ke8 34. Rh6 Rg8
35. Kh2 Kd8 36. Kg3 f4+ 37. exf4 Qf7 38. Rah1 Rf8 39. R1h4 Qf5 40. Bxd5 Qd3+ 41.
Kh2 Bxd5 42. Qxd5+ Rd7 43. Qg2 Qxc3 44. d5 Qd4 45. d6 Rdf7 46. e6 1-0

[Event "World Rapid Team 2023"]
[Site "Dusseldorf GER"]
[Date "2023.08.27"]
[Round "6.3"]
[Board "5"]
[White "Houska, Jovanka"]
[Black "Tsatsalashvili, Keti"]
[Result "1/2-1/2"]
[WhiteTitle "IM"]
[BlackTitle "WGM"]
[WhiteElo "2340"]
[BlackElo "2315"]
[WhiteTeam "Chess Pensioners"]
[BlackTeam "Kompetenzakademie Allstars"]
[WhiteFideId "405094"]
[BlackFideId "13603434"]
[EventDate "2023.08.26"]

1. d4 Nf6 2. Bg5 c5 3. d5 Qb6 4. Bc1 e6 5. Nc3 Nxd5 6. Nxd5 exd5 7. Qxd5 Qe6 8.
e4 Nc6 9. c3 Qxd5 10. exd5 Ne7 11. c4 g6 12. Bg5 Bg7 13. O-O-O f6 14. Bf4 Kf7
15. d6 Nc6 16. g4 h5 17. gxh5 Rxh5 18. Bg2 Nd4 19. Re1 Ne6 20. Bg3 a5 21. Ne2 f5
22. Kc2 g5 23. f4 g4 24. h3 gxh3 25. Rxh3 Rxh3 26. Bxh3 Ra6 27. Bxf5 Rxd6 28.
Bd3 Rb6 29. b3 a4 30. f5 Ng5 31. Bf4 Nf3 32. Rf1 Nd4+ 33. Nxd4 Bxd4 34. Be4
axb3+ 35. axb3 Ra6 36. Bd5+ Kf6 37. Bg3 d6 38. Bh4+ Ke5 39. f6 Bf5+ 40. Rxf5+
Kxf5 41. f7 Bg7 42. Be7 Ra2+ 43. Kd3 Ra8 44. Bxb7 Rb8 45. Bd5 Rxb3+ 46. Kc2 Rb2+
47. Kc1 Rb8 48. Bxd6 Rc8 49. Bb7 Rd8 50. Bxc5 Ke6 51. Bd5+ Rxd5 1/2-1/2

[Event "World Rapid Team 2023"]
[Site "Dusseldorf GER"]
[Date "2023.08.27"]
[Round "6.4"]
[Board "1"]
[White "Vachier-Lagrave, Maxime"]
[Black "Rodshtein, Maxim"]
[Result "1-0"]
[WhiteTitle "GM"]
[BlackTitle "GM"]
[WhiteElo "2739"]
[BlackElo "2606"]
[WhiteTeam "ASV AlphaEchecs Linz"]
[BlackTeam "Rishon LeZion Chess Club"]
[WhiteFideId "623539"]
[BlackFideId "2806851"]
[EventDate "2023.08.26"]

1. c4 c5 2. Nf3 Nc6 3. Nc3 Nf6 4. e3 e6 5. d4 d5 6. a3 dxc4 7. Bxc4 a6 8. Bd3
cxd4 9. exd4 g6 10. Bg5 Bg7 11. Ne4 h6 12. Bxf6 Bxf6 13. Nxf6+ Qxf6 14. Qd2 Bd7
15. Be4 O-O 16. O-O h5 17. Rfd1 Rfd8 18. Qe3 Be8 19. Rd2 Rac8 20. d5 exd5 21.
Bxd5 Ne7 22. Bxb7 Rxd2 23. Bxc8 Rxb2 24. Re1 Rb8 25. Bxa6 Nd5 26. Qa7 Rd8 27.
Bc4 Nf4 28. Qc7 Kg7 29. h4 Bc6 30. Ne5 Bxg2 31. Nxf7 Rc8 32. Qa7 Ra8 33. Nd6+
Rxa7 34. Ne8+ Kh6 35. Nxf6 Bc6 36. Re3 g5 37. Ng8+ Kg7 38. hxg5 Ra5 39. Re7+ Kg6
40. Re3 Rxg5+ 41. Rg3 Ba4 42. Ne7+ Kf6 43. Rxg5 Kxg5 44. Nc8 Bc6 45. Ne7 Ba4 46.
Nd5 Nxd5 47. Bxd5 h4 48. Kh2 Kf4 49. Kh3 Kg5 50. Be6 Kf6 51. Bc8 Kg5 52. Bg4 Bb5
53. Bd1 Bf1+ 54. Kh2 Kf4 55. a4 Ke5 56. Kg1 Ba6 57. Kg2 Kf4 58. Kh3 Kg5 59. a5
Bc8+ 60. Kh2 Ba6 61. Bf3 Kf4 62. Bg2 Bc8 63. Bh3 Bb7 64. Kg1 Ke5 65. Bf1 Kf4 66.
a6 1-0

[Event "World Rapid Team 2023"]
[Site "Dusseldorf GER"]
[Date "2023.08.27"]
[Round "6.4"]
[Board "2"]
[White "Veinberg, Nimrod"]
[Black "Grischuk, Alexander"]
[Result "0-1"]
[WhiteTitle "IM"]
[BlackTitle "GM"]
[WhiteElo "2417"]
[BlackElo "2736"]
[WhiteTeam "Rishon LeZion Chess Club"]
[BlackTeam "ASV AlphaEchecs Linz"]
[WhiteFideId "2810280"]
[BlackFideId "4126025"]
[EventDate "2023.08.26"]

1. d4 d5 2. c4 c6 3. Nf3 Nf6 4. g3 g6 5. Bg2 Bg7 6. O-O O-O 7. cxd5 cxd5 8. Ne5
Ne4 9. Nc3 Nxc3 10. bxc3 Nc6 11. Nxc6 bxc6 12. Qa4 Qb6 13. Ba3 Qa6 14. Qxa6 Bxa6
15. Rfe1 Rfe8 16. e4 e6 17. Bf1 Bxf1 18. Kxf1 Bf8 19. Bxf8 Kxf8 20. Rab1 Reb8
21. Rb3 a5 22. exd5 cxd5 23. Reb1 Rxb3 24. Rxb3 Rc8 25. Ke2 a4 26. Rb4 Rxc3 27.
Rxa4 g5 28. h3 Rc2+ 29. Kf3 h5 30. Ra3 Kg7 31. Ke3 Kf6 32. f4 g4 33. hxg4 hxg4
34. Ra7 Rg2 35. f5 exf5 36. Ra3 Kg5 37. Ra5 Rxg3+ 38. Kf2 Kf4 39. Rxd5 Ra3 0-1

[Event "World Rapid Team 2023"]
[Site "Dusseldorf GER"]
[Date "2023.08.27"]
[Round "6.4"]
[Board "3"]
[White "Bacrot, Etienne"]
[Black "Kaspi, Alexander"]
[Result "1-0"]
[WhiteTitle "GM"]
[BlackTitle "IM"]
[WhiteElo "2662"]
[BlackElo "2405"]
[WhiteTeam "ASV AlphaEchecs Linz"]
[BlackTeam "Rishon LeZion Chess Club"]
[WhiteFideId "605506"]
[BlackFideId "2802910"]
[EventDate "2023.08.26"]

1. e4 d5 2. exd5 Qxd5 3. Nc3 Qa5 4. d4 Nf6 5. Bd2 c6 6. h3 Qb6 7. Nf3 Qxb2 8.
Bc4 Qa3 9. O-O e6 10. Ne5 Be7 11. Rb1 O-O 12. Qf3 Rd8 13. Rb3 Qd6 14. Be3 Nbd7
15. Nxf7 Kxf7 16. Ne4 Qc7 17. Ng5+ Ke8 18. Nxe6 Qa5 19. Nxg7+ Kf8 20. Ne6+ Ke8
21. Ng7+ Kf8 22. Bh6 Nb6 23. Nf5+ Ke8 24. Nxe7 1-0

[Event "World Rapid Team 2023"]
[Site "Dusseldorf GER"]
[Date "2023.08.27"]
[Round "6.4"]
[Board "4"]
[White "Efroimski, Marsel"]
[Black "Naiditsch, Arkadij"]
[Result "0-1"]
[WhiteTitle "IM"]
[BlackTitle "GM"]
[WhiteElo "2439"]
[BlackElo "2651"]
[WhiteTeam "Rishon LeZion Chess Club"]
[BlackTeam "ASV AlphaEchecs Linz"]
[WhiteFideId "2810964"]
[BlackFideId "4650891"]
[EventDate "2023.08.26"]

1. e4 c5 2. Nf3 Nc6 3. Bb5 Nf6 4. Nc3 Qc7 5. O-O Nd4 6. Re1 a6 7. Bf1 Ng4 8. g3
Nxf3+ 9. Qxf3 Ne5 10. Qe2 e6 11. d3 d6 12. f4 Nc6 13. Bg2 g6 14. Nd1 Bg7 15. c3
O-O 16. Ne3 b5 17. Bd2 a5 18. Rf1 f5 19. g4 fxe4 20. dxe4 b4 21. Rab1 bxc3 22.
bxc3 Ba6 23. c4 Rab8 24. f5 Nd4 25. Qd3 Rxb1 26. Rxb1 Be5 27. fxe6 Nxe6 28. Nd5
Qd8 29. Rf1 Rxf1+ 30. Qxf1 Qh4 31. h3 Qg3 32. Be3 Qh2+ 33. Kf2 Bg3+ 34. Kf3 Bh4
35. Bf2 Nd4+ 36. Ke3 Bg5+ 37. Kd3 Nc6 38. Kc2 Nb4+ 39. Nxb4 axb4 40. h4 Bf6 41.
g5 Bg7 42. Qd3 h5 43. gxh6 Qxg2 44. Qd5+ Kh7 45. hxg7 Qxf2+ 46. Kc1 Qf4+ 47. Kd1
Kxg7 0-1

[Event "World Rapid Team 2023"]
[Site "Dusseldorf GER"]
[Date "2023.08.27"]
[Round "6.4"]
[Board "5"]
[White "Lagno, Kateryna"]
[Black "Lahav, Michal"]
[Result "1-0"]
[WhiteTitle "GM"]
[BlackTitle "WIM"]
[WhiteElo "2552"]
[BlackElo "2193"]
[WhiteTeam "ASV AlphaEchecs Linz"]
[BlackTeam "Rishon LeZion Chess Club"]
[WhiteFideId "14109336"]
[BlackFideId "2813742"]
[EventDate "2023.08.26"]

1. e4 e6 2. d4 d5 3. e5 c5 4. c3 Nc6 5. Nf3 Nge7 6. Na3 cxd4 7. cxd4 Nf5 8. Nc2
Qb6 9. Bd3 Bd7 10. O-O a5 11. Rb1 Nb4 12. Nxb4 axb4 13. Bc2 Be7 14. g4 Nh4 15.
Nxh4 Bxh4 16. Be3 Be7 17. f4 Bb5 18. Rf2 h5 19. gxh5 Rxa2 20. Qg4 Kd7 21. f5
Raa8 22. fxe6+ fxe6 23. Rf7 Raf8 24. Rxg7 Kd8 25. Rc1 Be8 26. h6 Qb5 27. Ra1 b3
28. Qxe6 Qd7 29. Qb6+ Qc7 30. Ra8+ Kd7 31. Rxe7+ 1-0

[Event "World Rapid Team 2023"]
[Site "Dusseldorf GER"]
[Date "2023.08.27"]
[Round "6.4"]
[Board "6"]
[White "Bulkovstein, David"]
[Black "Llari, Marc"]
[Result "1/2-1/2"]
[BlackTitle "CM"]
[WhiteElo "1766"]
[BlackElo "2092"]
[WhiteTeam "Rishon LeZion Chess Club"]
[BlackTeam "ASV AlphaEchecs Linz"]
[WhiteFideId "2834707"]
[BlackFideId "651044269"]
[EventDate "2023.08.26"]

1. d4 d5 2. Nf3 Nf6 3. e3 c5 4. b3 Nc6 5. Bb2 cxd4 6. exd4 Bg4 7. Be2 e6 8. O-O
Be7 9. Ne5 Nxe5 10. dxe5 Bxe2 11. Qxe2 Nd7 12. Nd2 O-O 13. c4 dxc4 14. Nxc4 Nb6
15. Rfd1 Qc7 16. Ne3 Rad8 17. Rac1 Rxd1+ 18. Qxd1 Qb8 19. Qf3 Bg5 20. h4 Bxe3
21. Qxe3 Nd5 22. Qe4 Rc8 23. Rxc8+ Qxc8 24. h5 h6 25. g3 Qc6 26. Qc4 Qxc4 27.
bxc4 Nb6 28. c5 Nd5 29. a3 Kf8 30. Kf1 Ke7 31. Ke2 Kd7 32. Kd3 Kc6 33. Kc4 g6
34. Bc1 gxh5 35. Bxh6 Nc7 36. Bf8 Nb5 37. a4 Nc7 38. Bd6 Ne8 39. Bf8 Nc7 40. Bd6
Ne8 41. Bf8 Nc7 42. Bd6 1/2-1/2

[Event "World Rapid Team 2023"]
[Site "Dusseldorf GER"]
[Date "2023.08.27"]
[Round "6.5"]
[Board "1"]
[White "Jobava, Baadur"]
[Black "Aravindh, Chithambaram VR."]
[Result "1-0"]
[WhiteTitle "GM"]
[BlackTitle "GM"]
[WhiteElo "2574"]
[BlackElo "2645"]
[WhiteTeam "Columbus Energy KingsOfChess Krakow"]
[BlackTeam "Six-pack"]
[WhiteFideId "13601520"]
[BlackFideId "5072786"]
[EventDate "2023.08.26"]

1. e4 e5 2. Nf3 Nc6 3. d4 exd4 4. Nxd4 Nf6 5. Nxc6 bxc6 6. Bd3 d5 7. exd5 cxd5
8. O-O Be7 9. h3 O-O 10. Nd2 c5 11. b3 a5 12. a4 Ba6 13. Qe2 c4 14. bxc4 Re8 15.
Rd1 Rc8 16. Qf3 Qc7 17. cxd5 Bxd3 18. Qxd3 Qxc2 19. Nb3 Bb4 20. Be3 h6 21. Qxc2
Rxc2 22. Bb6 Ne4 23. Bxa5 Bxa5 24. Nxa5 Nc3 25. Rd3 Ra8 26. Nb7 Ne2+ 27. Kf1 Rb2
28. Nc5 Nf4 29. Rdd1 Rc8 30. Rac1 Ra2 31. d6 1-0

[Event "World Rapid Team 2023"]
[Site "Dusseldorf GER"]
[Date "2023.08.27"]
[Round "6.5"]
[Board "2"]
[White "Mohammad, Nubairshah Shaikh"]
[Black "Pakleza, Zbigniew"]
[Result "1-0"]
[WhiteTitle "IM"]
[BlackTitle "GM"]
[WhiteElo "2430"]
[BlackElo "2482"]
[WhiteTeam "Six-pack"]
[BlackTeam "Columbus Energy KingsOfChess Krakow"]
[WhiteFideId "5053196"]
[BlackFideId "1119290"]
[EventDate "2023.08.26"]

1. d4 d5 2. c4 c6 3. Nf3 Nf6 4. g3 Bf5 5. Nc3 e6 6. Qb3 Qb6 7. c5 Qc7 8. Bf4 Qc8
9. Nh4 Be4 10. f3 Bg6 11. e4 Be7 12. Nxg6 hxg6 13. Bg2 Nbd7 14. Bd6 Bxd6 15.
cxd6 dxe4 16. Nxe4 Qb8 17. O-O O-O 18. Rfd1 Nxe4 19. fxe4 Qxd6 20. Qxb7 Rfb8 21.
Qa6 Rxb2 22. e5 Qb4 23. Qxc6 Nb6 24. Qc5 Rd8 25. Rac1 Qa4 26. a3 Qb3 27. Qe7
Rxd4 28. Rf1 Rdd2 29. Kh1 Nd5 30. Rc8+ 1-0

[Event "World Rapid Team 2023"]
[Site "Dusseldorf GER"]
[Date "2023.08.27"]
[Round "6.5"]
[Board "3"]
[White "Teclaf, Pawel"]
[Black "Karthik, Venkataraman"]
[Result "1/2-1/2"]
[WhiteTitle "IM"]
[BlackTitle "GM"]
[WhiteElo "2586"]
[BlackElo "2562"]
[WhiteTeam "Columbus Energy KingsOfChess Krakow"]
[BlackTeam "Six-pack"]
[WhiteFideId "1185934"]
[BlackFideId "25006479"]
[EventDate "2023.08.26"]

1. Nf3 d5 2. e3 c5 3. b3 Nc6 4. Bb5 f6 5. c4 d4 6. exd4 cxd4 7. Ba3 Nh6 8. O-O
e5 9. Bxf8 Kxf8 10. d3 Ne7 11. Nbd2 a6 12. Ba4 g5 13. Ne4 Ng6 14. c5 Nf7 15. b4
g4 16. Nfd2 f5 17. Ng3 h5 18. Bb3 h4 19. Ne2 Ng5 20. f4 gxf3 21. Nxf3 Nxf3+ 22.
gxf3 f4 23. Kh1 h3 24. Qd2 Bf5 25. Rg1 Rc8 26. Be6 Bxe6 27. Rxg6 Bf7 28. Nxf4
exf4 29. Qxf4 Rc6 30. Rd6 Rxd6 31. cxd6 Rh4 32. Qe5 Rh6 33. Rc1 Rxd6 34. Qh8+
Ke7 35. Qe5+ Kf8 36. Qh8+ Ke7 37. Qe5+ Kf8 38. Qh8+ 1/2-1/2

[Event "World Rapid Team 2023"]
[Site "Dusseldorf GER"]
[Date "2023.08.27"]
[Round "6.5"]
[Board "4"]
[White "Pranesh, M"]
[Black "Gumularz, Szymon"]
[Result "1-0"]
[WhiteTitle "GM"]
[BlackTitle "GM"]
[WhiteElo "2503"]
[BlackElo "2588"]
[WhiteTeam "Six-pack"]
[BlackTeam "Columbus Energy KingsOfChess Krakow"]
[WhiteFideId "35028600"]
[BlackFideId "1188062"]
[EventDate "2023.08.26"]

1. e4 c6 2. d4 d5 3. e5 Bf5 4. Nf3 e6 5. Be2 a5 6. O-O Nd7 7. Nbd2 a4 8. a3 h6
9. Re1 Ne7 10. Nf1 Bh7 11. Ng3 c5 12. Nh5 cxd4 13. Nxd4 Nc6 14. Bb5 Nxd4 15.
Qxd4 Qa5 16. Bxd7+ Kxd7 17. c3 Rc8 18. Be3 Rc4 19. Qd2 Kc8 20. Bd4 Bg6 21. Nf4
Bf5 22. h3 h5 23. Ne2 Be7 24. Be3 Kb8 25. Nd4 Bg6 26. f3 h4 27. Re2 Qa6 28. Rae1
Rcc8 29. Bg5 Bxg5 30. Qxg5 Qb6 31. Kh1 Rc4 32. Rd2 Ka7 33. Qe3 Ka8 34. Kg1 Qc5
35. Kf2 Qb6 36. Nf5 Qxe3+ 37. Nxe3 Rf4 38. Red1 Ka7 39. Rd4 Rxd4 40. Rxd4 b5 41.
Rb4 Ka6 42. Ke2 Rh5 43. Kd2 Kb6 44. c4 dxc4 45. Nxc4+ Kc6 46. Ne3 Rxe5 47. Rxh4
f5 48. g3 Kd6 49. Rh8 Ke7 50. Rc8 Be8 51. Rc1 g5 52. Rc7+ Bd7 53. Rc1 Kd6 54.
Rf1 f4 55. gxf4 gxf4 56. Ng4 Rh5 57. Rh1 Bc6 58. Ke2 b4 59. axb4 Rb5 60. Rd1+
Bd5 61. Rd4 e5 62. Rd2 Ke6 63. Kf2 Rxb4 64. Re2 e4 65. fxe4 Bxe4 66. Ke1 Kf5 67.
Nf2 Bb1 68. Rd2 f3 69. Nd1 Kf4 70. Kf2 Bf5 71. Nc3 Rc4 72. Nd5+ Ke5 73. Ne3 Rb4
74. Kg3 Be4 75. Ng4+ Ke6 76. h4 Rc4 77. Ne3 Rb4 78. Ng4 Rc4 79. h5 Rc1 80. Kf4
Rc4 81. Kg3 Rc1 82. Rh2 Kf5 83. h6 Rc8 84. Rh5+ Kg6 85. Ra5 Bf5 86. Ne3 Bd7 87.
Rd5 Bc6 88. Rd6+ Kh7 89. Ng4 Kh8 90. Nf6 Bb5 91. Kxf3 Rb8 92. Kf4 Bc4 93. Rd7
Bg8 94. Rg7 Rb4+ 95. Ke3 Rb3+ 96. Ke4 1-0

[Event "World Rapid Team 2023"]
[Site "Dusseldorf GER"]
[Date "2023.08.27"]
[Round "6.5"]
[Board "5"]
[White "Kulon, Klaudia"]
[Black "Priyanka, Nutakki"]
[Result "1-0"]
[WhiteTitle "IM"]
[BlackTitle "WGM"]
[WhiteElo "2320"]
[BlackElo "2283"]
[WhiteTeam "Columbus Energy KingsOfChess Krakow"]
[BlackTeam "Six-pack"]
[WhiteFideId "1131044"]
[BlackFideId "25049615"]
[EventDate "2023.08.26"]

1. c4 e6 2. g3 d5 3. Bg2 Nf6 4. Nf3 d4 5. O-O c5 6. d3 Nc6 7. e3 Bd6 8. exd4
cxd4 9. Na3 O-O 10. Re1 h6 11. Nb5 Bb8 12. Bd2 a6 13. Na3 a5 14. c5 Ba7 15. Rc1
Nd7 16. Nb5 Bxc5 17. Bf4 Bb6 18. Bd6 Re8 19. Ba3 Nb4 20. Rc4 Nf6 21. Ne5 Re7 22.
Bxb4 axb4 23. Qc2 Ne8 24. Rc1 Bd7 25. Nxd4 Nd6 26. Rxb4 Ba5 27. Rxb7 Rc8 28.
Rxd7 Rxd7 29. Ndc6 Rdc7 30. Qa4 Qg5 31. f4 Bb6+ 32. Kh1 Qf6 33. Rc3 Nf5 34. Qb4
Be3 35. g4 Nh4 36. Ne7+ Qxe7 37. Qxe7 Rxe7 38. Rxc8+ Kh7 39. Be4+ f5 40. gxf5
exf5 41. Bd5 g5 42. Nc6 Rg7 43. fxg5 Rxg5 44. h3 Rg1+ 45. Kh2 Rb1 46. Kg3 Ng6
47. Kf3 Bg5 48. Rb8 Rc1 49. Nd4 Ne5+ 50. Ke2 Kg6 51. Rb6+ Bf6 52. Be6 f4 53.
Bf5+ Kg5 54. h4+ Kxh4 55. Rxf6 Kg5 56. Rf8 f3+ 57. Kf2 Rb1 58. Nxf3+ Nxf3 59.
Kxf3 Rxb2 60. Be6 h5 61. Rg8+ Kf6 62. Bc4 Kf5 63. Kg3 Rd2 64. a4 1-0

[Event "World Rapid Team 2023"]
[Site "Dusseldorf GER"]
[Date "2023.08.27"]
[Round "6.5"]
[Board "6"]
[White "Dinesh, Rajan M"]
[Black "Przedlacki, Wiktor"]
[Result "1-0"]
[WhiteElo "1904"]
[BlackElo "1702"]
[WhiteTeam "Six-pack"]
[BlackTeam "Columbus Energy KingsOfChess Krakow"]
[WhiteFideId "35060600"]
[BlackFideId "21099529"]
[EventDate "2023.08.26"]

1. e4 c5 2. Nf3 d6 3. d4 cxd4 4. Nxd4 Nf6 5. Nc3 a6 6. Be3 e5 7. Nf3 Be7 8. Nd2
Be6 9. Nc4 Bxc4 10. Bxc4 Qc7 11. Bb3 Nbd7 12. O-O O-O 13. Qe2 Rac8 14. a4 Nc5
15. Bd5 Rfd8 16. Rfd1 Ne6 17. a5 Nd4 18. Bxd4 exd4 19. Rxd4 Nd7 20. Rc4 Qb8 21.
Rb4 Nc5 22. Na4 Bf6 23. Nxc5 dxc5 24. Rxb7 Qe5 25. Qxa6 Rb8 26. c3 Rxb7 27. Qxb7
Rb8 28. Qxf7+ Kh8 29. a6 1-0

[Event "World Rapid Team 2023"]
[Site "Dusseldorf GER"]
[Date "2023.08.27"]
[Round "6.6"]
[Board "1"]
[White "Moussard, Jules"]
[Black "Lubbe, Nikolas"]
[Result "1-0"]
[WhiteTitle "GM"]
[BlackTitle "IM"]
[WhiteElo "2661"]
[BlackElo "2501"]
[WhiteTeam "Chessbrah OFM"]
[BlackTeam "Team Chessemy.com"]
[WhiteFideId "642908"]
[BlackFideId "4694031"]
[EventDate "2023.08.26"]

1. e4 c5 2. Nf3 d6 3. d4 cxd4 4. Nxd4 Nf6 5. Nc3 Nc6 6. Bg5 e6 7. Qd2 a6 8.
O-O-O Bd7 9. Kb1 Nxd4 10. Qxd4 b5 11. f4 h6 12. Bh4 Rb8 13. e5 dxe5 14. fxe5 g5
15. Be1 Ng8 16. Ne4 Bc6 17. Nd6+ Bxd6 18. exd6 f6 19. h4 Qb6 20. d7+ Kd8 21.
Qxb6+ 1-0

[Event "World Rapid Team 2023"]
[Site "Dusseldorf GER"]
[Date "2023.08.27"]
[Round "6.6"]
[Board "2"]
[White "Koellner, Ruben Gideon"]
[Black "Van Foreest, Jorden"]
[Result "1/2-1/2"]
[WhiteTitle "IM"]
[BlackTitle "GM"]
[WhiteElo "2478"]
[BlackElo "2697"]
[WhiteTeam "Team Chessemy.com"]
[BlackTeam "Chessbrah OFM"]
[WhiteFideId "12993093"]
[BlackFideId "1039784"]
[EventDate "2023.08.26"]

1. d4 Nf6 2. Nf3 g6 3. Nbd2 d5 4. e3 Bg7 5. b4 a5 6. b5 c5 7. bxc6 Nxc6 8. a4
O-O 9. c3 e5 10. Ba3 Re8 11. Bb5 e4 12. Ng1 Ng4 13. h3 Nh6 14. Ne2 Nf5 15. Qb3
Be6 16. g3 Nd6 17. Nf4 Nxb5 18. Qxb5 Bh6 19. Nxe6 Rxe6 20. c4 Nxd4 21. exd4
Bxd2+ 22. Kxd2 Qf6 23. Kc1 Rc6 24. c5 Qxd4 25. Qb2 Qxa4 26. Rd1 Qc4+ 27. Kb1 b6
28. Qd4 Qxd4 29. Rxd4 Rd8 30. cxb6 Rxb6+ 31. Ka2 Rf6 32. Rd2 Rf3 33. Bc5 Rc3 34.
Bd4 Rc4 35. Rad1 f5 36. Rb2 Rd7 37. Rdd2 Kf7 38. Ka3 g5 39. Rb6 Ke8 40. Re6+ Re7
41. Rxe7+ Kxe7 42. Be3 Ke6 43. Bxg5 d4 44. Rb2 Kd5 45. Rb5+ Rc5 46. Rxc5+ Kxc5
47. Kb3 Kb5 48. g4 a4+ 49. Kc2 fxg4 50. hxg4 Kc4 51. Be7 e3 52. fxe3 dxe3 53.
Kd1 Kd3 54. Ke1 e2 55. g5 Ke3 56. Ba3 Kf4 57. Bc1+ Kf3 58. Ba3 Kg4 59. Bc1 Kf3 1/2-1/2

[Event "World Rapid Team 2023"]
[Site "Dusseldorf GER"]
[Date "2023.08.27"]
[Round "6.6"]
[Board "3"]
[White "Saric, Ivan"]
[Black "Souleidis, Georgios"]
[Result "1-0"]
[WhiteTitle "GM"]
[BlackTitle "IM"]
[WhiteElo "2657"]
[BlackElo "2419"]
[WhiteTeam "Chessbrah OFM"]
[BlackTeam "Team Chessemy.com"]
[WhiteFideId "14508150"]
[BlackFideId "4206827"]
[EventDate "2023.08.26"]

1. e4 c5 2. Nf3 e6 3. d4 cxd4 4. Nxd4 Nf6 5. Nc3 Nc6 6. g3 d6 7. Bg2 Bd7 8. Nde2
a6 9. a4 Be7 10. O-O O-O 11. b3 Qc7 12. Bb2 Rfd8 13. Qd2 Be8 14. h3 Rac8 15. g4
d5 16. exd5 Nb4 17. Nf4 exd5 18. Rad1 Ne4 19. Bxe4 dxe4 20. Ncd5 Nxd5 21. Nxd5
Qd6 22. c4 Bf8 23. Rfe1 Qg6 24. Qf4 b5 25. axb5 axb5 26. Rxe4 bxc4 27. bxc4 Ba4
28. Rde1 Bc6 29. Re5 Bxd5 30. Rxd5 Rxd5 31. cxd5 Rc2 32. Ba3 Rc8 33. Bxf8 Rxf8
34. d6 h5 35. d7 hxg4 36. hxg4 Qc6 37. Re7 Qd5 38. Kh2 g5 39. Qe5 Qd2 40. Kg2 1-0